Southville International School and Colleges
Your cart is empty.
  • Cart
  • Lists
    Public lists Eva Luna New books Lux_list list_1
    Your lists Log in to create your own lists
  • Log in to your account
  • Your cookies
  • Search history
Southville International School and Colleges
  • Advanced search
  • Recent comments
  • Most popular
  • Libraries

Log in to your account

Log in with GOOGLE


If you do not have an external account, but do have a local account, you can still log in:

  1. Home
  2. MARC view: Addie meets max /
Normal view MARC view ISBD view

Addie meets max / (Record no. 103543)

[ view plain ]
MARC details
000 -LEADER
fixed length control field 00698nam a2200193 a 4500
005 - DATE AND TIME OF LATEST TRANSACTION
control field 20140412111303.0
008 - FIXED-LENGTH DATA ELEMENTS--GENERAL INFORMATION
fixed length control field 030414s19uu xx 00 eng d
020 ## - INTERNATIONAL STANDARD BOOK NUMBER
International Standard Book Number 0-06-444116-4
050 ## - LIBRARY OF CONGRESS CALL NUMBER
Classification number ER
Item number Ad23 1984
100 ## - MAIN ENTRY--PERSONAL NAME
Personal name Robins, Joan
245 ## - TITLE STATEMENT
Title Addie meets max /
Statement of responsibility, etc by Joan Robins ; pictures by Sue Truesdell.
260 ## - PUBLICATION, DISTRIBUTION, ETC. (IMPRINT)
Place of publication, distribution, etc New York :
Name of publisher, distributor, etc HarperCollins Publishers Inc,
Date of publication, distribution, etc 1984.
300 ## - PHYSICAL DESCRIPTION
Extent 31 p. ; ill ; 22 cm.
440 ## - SERIES STATEMENT/ADDED ENTRY--TITLE
Title An I Can Read Book, Level 2
520 ## - SUMMARY, ETC.
Summary, etc Addie discovers that the new boy next door, Max and his dog are not so terrible when she helps Max bury his newly lost tooth.
650 ## - SUBJECT ADDED ENTRY--TOPICAL TERM
Topical term or geographic name as entry element Children's stories, American
650 ## - SUBJECT ADDED ENTRY--TOPICAL TERM
Topical term or geographic name as entry element Friendship--Fiction
Holdings
Withdrawn status Lost status Damaged status Use restrictions Home library Current library Shelving location Date acquired Source of acquisition Total Checkouts Full call number Barcode Date last seen Price effective from Koha item type
        Elizalde Library Elizalde Library Easy Reading Section 04/14/2003     ER Ad23 1984 E5215 04/12/2014 04/12/2014 Books

Addie meets max /

APA

Robins J., . (1984). Addie meets max. New York: HarperCollins Publishers Inc.

Chicago

Robins Joan, . 1984. Addie meets max. New York: HarperCollins Publishers Inc.

Harvard

Robins J., . (1984). Addie meets max. New York: HarperCollins Publishers Inc.

MLA

Robins Joan, . Addie meets max. New York: HarperCollins Publishers Inc. 1984.

  • Place hold
  • Print
  • Cite
  • Add to your cart (remove)
  • Save record
    BIBTEX Dublin Core MARCXML MARC (non-Unicode/MARC-8) MARC (Unicode/UTF-8) MARC (Unicode/UTF-8, Standard) MODS (XML) RIS
  • More searches
    Search for this title in:
    Other Libraries (WorldCat) Other Databases (Google Scholar) Online Stores (Bookfinder.com) Open Library (openlibrary.org)

Exporting to Dublin Core...

SOUTHVILLE LIBRARY

Southville International School and Colleges Library

1281 Tropical Ave. Cor. Luxembourg St., BF Homes International, Las Pinas City

Tel. No. 8256374 / 252358 Loc. 117/146

Powered by Koha